| 000 | 00466cam a2200181ua 4500 | ||
|---|---|---|---|
| 001 | 10051 | ||
| 008 | 170323n ii |||gr||||Z||||||eng | ||
| 020 | _a195619978 | ||
| 040 | _cMAIN | ||
| 041 | _aeng | ||
| 082 | _a520 | ||
| 100 |
_aNarlikar, Jayant, _eAuthor. |
||
| 245 |
_aViolent phenomena in the universe _cBy Jayant Narlikar |
||
| 260 |
_aCalcutta: _bOxford university press, _c1986. |
||
| 300 | _a218p. | ||
| 653 | _aAstronomy & allied scie~ces | ||
| 942 | _cBK | ||
| 999 |
_c9050 _d9050 |
||